000
00213nam a22000857a 4500
008
161111b xxu||||| |||| 00| 0 eng d
100
_9
1138
_a
BPI India
245
_a
Meena the mynah
260
_a
New Delhi
_b
BPI India
_c
2011
999
_c
3798
_d
3798